| 000 | 00543nam a2200169Ia 4500 | ||
|---|---|---|---|
| 999 |
_c24903 _d24903 |
||
| 003 | OSt | ||
| 005 | 20201214123056.0 | ||
| 008 | 190216s9999||||xx |||||||||||||| ||und|| | ||
| 040 | _coclc | ||
| 082 |
_a894.812 _bKAR/M |
||
| 100 |
_aKarunakaran, Thirunalloor _97451 |
||
| 245 | 0 |
_aMalayala Bhasha Parinamam : _bSidhanthangalum Vasthukalum / _cThirunalloor Karunakaran |
|
| 260 |
_bPrabhath Book House, _aThiruvananthapuram: |
||
| 300 | _a128p | ||
| 650 | _aSahithyam | ||
| 942 |
_cBK _2ddc _h894.812 _iKAR/M _k894.812 _mKAR/M |
||